000 00563nam a2200217Ia 4500
003 OSt
005 20220926042656.0
006 a|||||r|||| 00| 0
007 ta
008 220923b |||||||| |||| 00| 0 eng d
037 _cGeneral Book
040 _aRTL
_cRTL
_beng
041 _2eng
_aeng
082 _aX7.73.N6, K2
100 _aLewis Wilfred
_9346608
245 0 _aFederal fiscal policy in the postwar recessions
260 _c1962
650 _aFinance
942 _hX7.73.N6, K2
_cGB
_2CC
999 _c670341
_d670341